000 02105nam a2200289Ia 4500
001 H9841
003 IT-RoPAU
008 130308s9999 xx 000 0 und d
040 _aIT-RoPAU
040 _cIT-RoPAU
041 _aITALIANO
100 _aRicciardi Mario
100 _gCodice Aut. SPICS: 41399
245 _aMuseo dei miracoli (Il). Il museo come opera d'arte e invenzione tecnologica tra cultura e impresa, comunicazione e poli
245 _bMuseo dei miracoli (Il). Il museo Come Opera d'arte e invenzione tecnologica tra Cultura e Impresa, Comunicazione e Poli
250 _a1a ed.
260 _aMILANO
260 _bApogeo
260 _c2008 [1° Ed.:2008 - Ed.Ling.Originale:2008]
300 _a"335 p. (prefazione: 15; testo: 320 [pagine: 0-0])"
500 _a"Sceneggiatura per un Museo: Fotografia, una Riflessione una Mano una Guida; Fine di Un'Avventura; da Confino a Nanni Moretti; Commiato Dalla Politica; Mutazione Genetica Politica e Industria Culturale; ragioni Profonde Conflitto; Oltre Caimano; conclusioni Personali Dalla Politica All'Etica. museo Nuovo: museo di Cose senza Valore; Contesto Italiano Alcuni Dati di Riferimento; Virtual Heritage contro Cultural Heritage; Tradizione dei Media; Cinema Immerso Nei Nuovi Media; Transizione, passaggio figure Emblematiche; creare e Gestire; Linguaggi Museali; Macchina per comunicare e Teatro Esperienze, Grande Pubblico e Personalizzazione; Costruire Luogo. Comunicazione: Inaugurazione; Strategia Museale e Politica di Eventi; senza Fili; collezioni viventi; Comunicazione e Community. impresa Museo: Mission Impossible?; Dicembre 2001, Primo Anno di gestione Museo; Gestione; budget e Bilani; Museoholding; Caratteri e prospettive del museo Nazionale del Cinema Dopo Apertura (Luglio 2000). Ricerca: mondi vicini e Universi Infiniti; futuro Presente; Essere Sociale, Immaginario, Cinema (E Ipercinema); Appendice Radiografia di un museo e del suo Monumento; Riferimenti Bibliografici."
650 _aSAGGI SUL CINEMA
650 _eCodice materia Spics: 6811
942 _cBK
957 _71
999 _c93549
_d93549
999 _g1